| 000 | 01780na a2200445 4500 | ||
|---|---|---|---|
| 999 |
_c5911 _d5911 |
||
| 001 | 20334 | ||
| 003 | MIRAKIL | ||
| 005 | 20201228125615.0 | ||
| 008 | 170118b tu 000 0 | ||
| 035 | _a20334 | ||
| 040 |
_aMilas _btur _cTR-AnCHP |
||
| 041 | _atur | ||
| 082 |
_aCHP 324.2372026 _bC36y 2000 |
||
| 090 | _aBROŞÜR 404 | ||
| 110 | _aCumhuriyet Halk Partisi (CHP) | ||
| 222 | _aYönetmelikler | ||
| 245 |
_aParti Meclisi ve Merkez Yönetim Kurulu Çalışma Yönetmeliği _b2000 _cCHP |
||
| 246 | _aCHP Parti Meclisi ve Merkez Yönetim Kurulu çalışma yönetmeliği | ||
| 246 | _aCHP 2000 yönetmelikleri | ||
| 246 | _aCumhuriyet Halk Partisi yönetmelik | ||
| 246 | _aCHP 2000 yönetmeliği | ||
| 246 | _aCHP yönetmeliği | ||
| 260 |
_aAnkara _bCHP _c2000 |
||
| 300 |
_a20 s. _c21x10 sm. |
||
| 440 |
_aCumhuriyet Halk Partisi yayınları _pYönetmelikler |
||
| 500 | _aKütüphaneciden çevrimdışı versiyonu sağlanabilir. | ||
| 610 |
_aCumhuriyet Halk Partisi (CHP) _bMerkez Yönetim Kurulu (MYK) _xYönetmelikler, 2000 |
||
| 610 |
_aCumhuriyet Halk Partisi (CHP) _xHukuk ve mevzuat _yYönetmelikler |
||
| 610 |
_aCumhuriyet Halk Partisi (CHP) _bParti Meclisi (PM) _xYönetmelikler, 2000 |
||
| 651 |
_aTürkiye _xSiyaset ve yönetim _y2000-2002 |
||
| 740 | _a2000 CHP Merkez Yönetim Kurulu çalışma yönetmeliği | ||
| 740 | _a2000 CHP Parti Meclisi ve Merkez Yönetim Kurulu çalışma yönetmeliği | ||
| 740 | _a2000 Parti Meclisi çalışma yönetmeliği | ||
| 740 | _a2000 CHP Parti Meclisi yönetmelikleri | ||
| 830 | _aCHP yönetmelikleri | ||
| 942 |
_2ddc _cBKS |
||
| 999 | _d5911 | ||